00294 a2200109 4500001000700000020000600007040001100013100002200024240006700046245006200113362000900175163526 a  cMagnum aMurad, Jose Elias10aO perfil epidemiologico do usuario de drogas em mg/brasillpor10aO perfil epidemiologico do usuario de drogas em mg/brasil0 a1899